000 00607nam a2200229Ia 4500
003 OSt
005 20220928120425.0
006 a|||||r|||| 00| 0
007 ta
008 220927b |||||||| |||| 00| 0 eng d
024 _a34850
037 _cTextual
040 _aSDCL
_cSDCL
_beng
041 _2eng
_aeng
082 _aV2:24'M<D, L6
100 _aGupta S P Ed.
_9402570
245 0 _aReadings in political history of India
260 _aDelhi
_bB R Publishing
_c1976
300 _axii,279p
_ccm.
942 _hV2:24'M<D, L6
_cTEXL
_2CC
999 _c763623
_d763623